Normal view
MARC view
- Puente González, Jesús J.
Entry Nombre Personal
001 - NUMERO DE CONTROL
- campo de control: 49898
003 - IDENTIFICADOR DE NUMERO DE CONTROL
- campo de control: MX-MxUPN
005 - FECHA Y HORA DE LA ÜLTIMA TRANSACCIÓN
- campo de control: 20230907114032.0
008 - DATOS DE LONGITUD FIJA
- campo de control de longitud fija: 230907nn acnnnaabn a aaa d
040 ## - FUENTE DE CATALOGACIÓN
- Agencia original de catalogación: MX-MxUPN
- Lenguaje de catalogación: spa
100 1# - ENCABEZAMIENTO - NOMBRE PERSONAL
- Nombre personal: Puente González, Jesús J.
400 1# - VEÁSE - NOMBRE DE PERSONA
- Personal name: González, Jesús J. Puente
670 ## - FUENTE EN LA QUE SE LOCALIZARON DATOS
- Cita de la fuente: Agresividad humana, 1979:
- Información localizada: portada (J. Jesús Puente González)
902 ## - CATALOGADOR
- Catalogador: VíctorGodínez/070923
